00903nam a2200217 i 4500001000300000245026000003260004500263300002800308500002400336504002400360650003800384655002900422700002600451710003100477710009200508020001500600040000800615041000800623080001300631008004100644bg10aApplications of computer systems ACS '97 :bproceedings of the Fourth International Conference, Szczecin - Poland, November 13-14, 1997 /ced. Jerzy Sołdek ; TEchnical University of Szczecin - Institute of Computer Science & Information Systems [et al.]. aSzczecin :bWydaw. Uczelniane PS,c1997. a242 s. :bil. ;c24 cm. aStreszcz. przy ref. aBibliogr. przy ref. 9aSystemy informatycznexstosowanie aMateriały konferencyjne1 aSOŁDEK, Jerzy.eRed. aPolitechnika Szczecińska aTechnical University of SzczecinbInstitute of Computer Science and Information Systems a8387362018 cBPK0 aeng a004(061) s pl f |000 0 pol